NEW SANSKRIT GRAMMAR AND COMPOSITION (Record no. 494864)

MARC details
000 -LEADER
fixed length control field 00416pam a2200157a 44500
008 - FIXED-LENGTH DATA ELEMENTS--GENERAL INFORMATION
fixed length control field 230515b2005 xxu||||| |||| 00| 0 eng d
020 ## - INTERNATIONAL STANDARD BOOK NUMBER
International Standard Book Number 81-86937-82-X
041 ## - LANGUAGE CODE
Language code of text/sound track or separate title ENGLISH
082 ## - DEWEY DECIMAL CLASSIFICATION NUMBER
Classification number 1
100 ## - MAIN ENTRY--PERSONAL NAME
Personal name JOSHI M. N.
245 ## - TITLE STATEMENT
Title NEW SANSKRIT GRAMMAR AND COMPOSITION
250 ## - EDITION STATEMENT
Edition statement 1
260 ## - PUBLICATION, DISTRIBUTION, ETC.
Place of publication, distribution, etc. VARANASI
Name of publisher, distributor, etc. CHAUKHAMBA SANSKRUT SANSTHAN
Date of publication, distribution, etc. 2005
300 ## - PHYSICAL DESCRIPTION
Extent 225
650 ## - SUBJECT ADDED ENTRY--TOPICAL TERM
Topical term or geographic name entry element NEW SANSKRIT GRAMMAR AND COMPOSITION.
Holdings
Withdrawn status Lost status Damaged status Not for loan Home library Current library Shelving location Date acquired Source of acquisition Cost, normal purchase price Total Checkouts Full call number Barcode Date last seen Price effective from Koha item type
        College of Ayurved, Pune College of Ayurved, Pune   28/11/2009 BHARATI MADH. SAHA. GRAH. BHANDAR LTD. 135.00   1 ACP-UG-11053 28/06/2023 28/06/2023 Book